000 00459nam a22001697a 4500
003 OSt
008 260512b |||||||| |||| 00| 0 eng d
082 _a633.11
_b046R
100 _aPrakash, Om
245 _aResponse of New Wheat Genotypes to Varying Levels of Nitrogen under Irrigated Zero Tillage Condition
260 _aPusa, Samastipur
_bRAU
_c1999
300 _a74P.
502 _bMsc.
_d1999
650 _aAgronomy
650 _aMsc.
942 _2ddc
_cT
999 _c50552
_d50552